Online Catalogue and eLibrary

Gorilla (Record no. 4118)

MARC details
000 -LEADER
fixed length control field 00400nam a2200157Ia 4500
005 - DATE AND TIME OF LATEST TRANSACTION
control field 20250406054426.0
008 - FIXED-LENGTH DATA ELEMENTS--GENERAL INFORMATION
fixed length control field 240331s9999 xx 000 0 und d
020 ## - INTERNATIONAL STANDARD BOOK NUMBER
ISBN 8177200070
082 ## - DDC Classification
Item Number - Author Mark SHO
Class No. 894
100 ## - MAIN ENTRY--PERSONAL NAME
Personal name Shobashakthi,
245 #0 - TITLE STATEMENT
Title Gorilla
260 ## - PUBLICATION, DISTRIBUTION, ETC.
Place of publication, distribution, etc. Puthanatham
Name of publisher, distributor, etc. Adaiyalam
Date of publication, distribution, etc. 2001
300 ## - PHYSICAL DESCRIPTION
Extent (e.g. Volumes, Pages etc.) 178 p .,
500 ## - GENERAL NOTE
General note Ilathu tamilarkalin valakai anupavangali patriya naval
942 ## - Koha item type (Biblio)
Koha item type Books in Stacks (Lending)
Holdings
Lost status Damaged status Collection code Home library Current library Shelving location Date acquired Full call number Accession Number Item type
    Lending WERC Library WERC Library Social Science Cupboard 03/31/2024 894.811 SHO 4820 Books in Stacks (Lending)

© WERC Library